Szczegóły MARC21

Kultura fizyczna i turystyka - od teorii do praktyki /

003 -Nazwa inst., której nr kontr. jest w polu 001 [,]
    • @
    • Nazwa instytucji, której n kontrolny jest w polu 001
    • NUKAT
005 -DATA I CZAS OSTATNIEJ MODYFIKACJI [,]
    • @
    • pole kontrolne
    • 20241231093641.0
020 -Międzynarod. znormalizowany nr książki - ISBN [ , ]
    • a
    • Numer ISBN
    • 9788364747137 Find
040 -Instytucja sporządzająca opis [ , ]
    • a
    • Instytucja, która sporządziła opis (NP)
    • KR U/ESL
    • c
    • Instytucja, która sporządziła rekord (NP)
    • KR U/ESL
    • d
    • Instytucja, która zmodyfikowała rekord (P)
    • KR U/ESL
942 -Rodzaj dokumentu [ , ]
    • c
    • Rodzaj dokumentu
    • Książka
245 -Strefa tytułu i oznaczenia odpowiedzialności [0,0]
    • a
    • Tytuł
    • Kultura fizyczna i turystyka - od teorii do praktyki / Find
    • c
    • Pozostałe elementy strefy tytułu i oznaczenia odpowiedzialności (NP)
    • pod redakcją Wojciecha Jarosza, Beaty Kaczor, Ewy Koprowiak.
260 -Strefa adresu wydawniczego [ , ]
    • a
    • Miejsce wydania (P)
    • Poznań :
    • b
    • Nazwa wydawcy (P)
    • Akademia Wychowania Fizycznego im. Eugeniusza Piaseckiego,
    • c
    • Data wydania (P)
    • 2016.
300 -Strefa opisu fizycznego [ , ]
    • a
    • Określenie formy książki i/lub objętość (NP)
    • 198 s. :
    • b
    • Oznaczenie ilustracji (NP)
    • il. kolor. ;
    • c
    • Format (NP)
    • 24 cm.
336 -Typ zawartości [ , ]
    • a
    • Termin opisujący typ zawartości
    • Tekst
    • b
    • Kod określający zawartość
    • txt
    • 2
    • Źródło (terminu i kodu)
    • rdacontent
337 -Typ mediów [ , ]
    • a
    • Tryb odtwarzania
    • Bez urządzenia pośredniczącego
    • b
    • Kod typu mediów
    • n
    • 2
    • Źródło (terminu i kodu)
    • rdamedia
338 -Typ/rodzaj nośnika [ , ]
    • a
    • Hasło opisujące typ nośnika
    • Wolumin
    • b
    • Kod typu nośnika
    • nc
    • 2
    • Źródło (terminu i kodu)
    • rdacarrier
490 -Strefa serii i książki wielotomowej - forma nie do wyszukiwania [1, ]
    • a
    • Tytuł (P)
    • Monografie - Akademia Wychowania Fizycznego im. Eugeniusza Piaseckiego w Poznaniu, Find
    • x
    • ISSN (NP)
    • 0239-7161 ;
    • v
    • Numeracja (P)
    • 448
830 -Hasło dodatkowe serii i opisu książki wielotomowej - tytuł ujednolicony/tytuł [ ,0]
    • a
    • Tytuł ujednolicony/tytuł (NP)
    • Monografie - Akademia Wychowania Fizycznego im. Eugeniusza Piaseckiego w Poznaniu
    • x
    • ISSN
    • 0239-7161
    • v
    • Oznaczenie tomu (NP)
    • 448
    • 9
    • KHW
    • 10845
500 -Uwaga ogólna [ , ]
    • a
    • Uwaga ogólna (NP)
    • Materiały z konferencji 19-20 listopada 2015, Poznań.
504 -Uwaga dot. bibliogr. załącznikowej [ , ]
    • a
    • Uwaga dot. bibliografii załącznikowej
    • Bibliogr. przy ref.
650 -Hasło przedmiotowe [ ,7]
    • a
    • Hasło przedmiotowe
    • Wychowanie fizyczne
    • v
    • Określnik formalny
    • konferencje.
    • 2
    • Źródło terminu
    • kaba
    • 9
    • KHW
    • 364227
650 -Hasło przedmiotowe [ ,7]
    • a
    • Hasło przedmiotowe
    • Turystyka
    • v
    • Określnik formalny
    • konferencje.
    • 2
    • Źródło terminu
    • kaba
    • 9
    • KHW
    • 384608
700 -Hasło dodatkowe - nazwa osobowa [1, ]
    • a
    • Nazwa osobowa (NP)
    • Jarosz, Wojciech Find
    • c
    • Dopowiedzenie inne niż daty biograficzne (NP)
    • (biologia człowieka).
    • e
    • Określenie rodzaju współpracy
    • Red.
    • 9
    • KHW
    • 65281
700 -Hasło dodatkowe - nazwa osobowa [1, ]
    • a
    • Nazwa osobowa (NP)
    • Kaczor, Beata. Find
    • e
    • Określenie rodzaju współpracy
    • Red.
    • 9
    • KHW
    • 516993
700 -Hasło dodatkowe - nazwa osobowa [1, ]
    • a
    • Nazwa osobowa (NP)
    • Koprowiak, Ewa. Find
    • e
    • Określenie rodzaju współpracy
    • Red.
    • 9
    • KHW
    • 76326
710 -Hasło dodatkowe - nazwa ciała zbiorowego [2, ]
    • a
    • Nazwa ciała zbiorowego lub nazwa geograficzna jako pierwszy element (NP)
    • Akademia Wychowania Fizycznego im. Eugeniusza Piaseckiego (Poznań).
    • 4
    • Kod relacji
    • pbl
    • 9
    • KHW
    • 10842
920 -ISBN [ , ]
    • a
    • ISBN
    • 978-83-64747-13-7 Find
Lokalizacja Data inwentaryzacji Status udost. Sygnatura Numer inwentarzowy
BM2020-02-131Turystyka kwalifikowana 23WF.10598